00947nam a2200289 i 45000010005000000030009000050050017000140080039000310150017000700400041000870800009001280800010001370800011001471000041001582450073001992600056002723000047003283800016003753880014003913880014004055040036004196500015004556500020004706580028004907100042005188560097005608914KOSZ 00520220608113451.0070719s1970 pl a f 001 0 pol aPB 1970/7646 aWA NcWA NdKOSZ 005/RWdKOSZ 005/HR a62-5 a681.5 a004.311 aJaczewski, Jerzyd(1918-2000)eAutor10aUkłady logiczne dla zastosowań przemysłowych /cJerzy Jaczewski. aWarszawa :bPaństwowe Wydawnictwo Naukowe,c1970. a284, [3] s., [1] k. tabl. :bil. ;c24 cm. aKsiążki a1901-2000 a1945-1989 aBibliogr. s. [265]-276. Indeks. 4aAutomatyka 4aUkład logiczny aInżynieria i technika2 aPaństwowe Wydawnictwo Naukowe4pbl. uhttp://koha.tu.koszalin.pl/cgi-bin/koha/opac-detail.pl?biblionumber=8914yKatalog online BPK